Welcome to CMRU - Online Public Access Catalogue (OPAC)

Born to win (Record no. 2806)

MARC details
000 -LEADER
fixed length control field 00258nam a2200121Ia 4500
008 - FIXED-LENGTH DATA ELEMENTS--GENERAL INFORMATION
fixed length control field 180304s9999 xx 000 0 und d
020 ## - INTERNATIONAL STANDARD BOOK NUMBER
International Standard Book Number 9788178092294
100 ## - MAIN ENTRY--PERSONAL NAME
Personal name Lewis Timberlake
245 #0 - TITLE STATEMENT
Title Born to win
260 ## - PUBLICATION, DISTRIBUTION, ETC.
Name of publisher, distributor, etc. Magna
365 ## - TRADE PRICE
Price amount 175
942 ## - ADDED ENTRY ELEMENTS (KOHA)
Koha item type Books
Holdings
Withdrawn status Lost status Damaged status Not for loan Bill No & Date Home library Current library Date acquired Source of acquisition Cost, normal purchase price Total Checkouts Total Renewals Barcode Date last seen Date last checked out Price effective from Koha item type
        GNR/CRB/00478/29/6/2016 School of Engineering and Technology School of Engineering and Technology 2016-07-01 Sapna Book house 175.00 13 6 000847 2026-04-13 2026-03-30 2019-05-25 Books
Designed and maintained by the Library and Information Centre, CMR University, Bengaluru.

VISITORS
web counter

 

Powered by Koha